Medveď sa pohyboval na cyklistickom chodníku

Bibliographic Details
Format: Article
Language:Slovak
Subjects:

MARC

LEADER 00000nab a2200000 ar4500
001 vtls009003806
003 SK-MaSNL
005 20260303065610.0
008 070628c2007 xo wr|p|||||||000 b|slo
038 |a PPPK 
040 |a PPPKCL  |b slo  |c PPPK  |e AACR2 
041 0 |a slo 
044 |a xo  |c SK 
080 |a 639.111.7  |2 1997 
080 |a 599.742.2  |2 1997 
245 0 0 |a Medveď sa pohyboval na cyklistickom chodníku  |c [autor] (lej) 
648 7 |a 2007  |2 pppkcl  |9 313226 
650 0 7 |a medvede  |2 pppkcl  |9 16764 
650 0 7 |a výskyt  |2 pppkcl  |9 877910 
650 0 7 |a hlásenia o výskyte  |2 pppkcl  |9 1065884 
651 7 |a Svit (Slovensko)  |2 pppkcl  |9 29648 
651 7 |a Poprad (Slovensko : okres)  |2 pppkcl  |9 28675 
651 7 |a Kvetnica (Poprad, Slovensko)  |2 pppkcl  |9 54578 
773 0 |t Poprad : noviny občanov mesta  |g Roč. XVIII, č. 41 (2007), s. 1 
852 |a PPPK  |b KIS3GCP 
999 |c 1751865  |d 1753795